[Event "EU-Cup 07th round of 32"]
[Site "Clichy"]
[Date "1989.07.12"]
[Round "1.1"]
[White "Verat, Laurent"]
[Black "Khalifman, Alexander"]
[Result "0-1"]
[WhiteElo "2235"]
[BlackElo "2545"]
[PlyCount "86"]
[EventDate "1989.07.12"]
[EventType "team-match"]
[EventRounds "2"]
[EventCountry "FRA"]
[SourceTitle "EXT 2020"]
[Source "ChessBase"]
[SourceDate "2019.10.17"]
[SourceVersion "1"]
[SourceVersionDate "2019.10.17"]
[SourceQuality "1"]
[WhiteTeam "Clichy Echecs 92"]
[BlackTeam "Novosibirsk Vektor"]
[WhiteTeamCountry "FRA"]
[BlackTeamCountry "URS"]

1. d4 Nf6 2. c4 e6 3. g3 Bb4+ 4. Nd2 d5 5. Ngf3 O-O 6. Bg2 b6 7. O-O Bb7 8. Ne5
Bd6 9. Ndf3 Ne4 10. cxd5 exd5 11. Bf4 Na6 12. Qa4 c5 $146 ({RR} 12... Re8 13.
Bh3 Qe7 14. Bd7 Nac5 15. dxc5 Nxc5 16. Bxe8 Nxa4 17. Bxa4 Bxe5 18. Bxe5 c5 19.
Bb5 a6 20. Bd3 f6 21. Bc3 b5 {1/2-1/2 Olsen,P-Salo,T/Copenhagen 1997/EXT 2000})
13. Qd7 $6 Qxd7 14. Nxd7 Rfe8 15. Nde5 f6 $1 16. Ng4 Bxf4 17. gxf4 c4 $15 18.
Rfc1 Rac8 19. Ne3 Nc7 20. Kf1 Ne6 21. Bh3 $8 Rc7 22. Bxe6+ Rxe6 23. Nd1 b5 24.
a3 a5 25. Nc3 Nd6 26. e3 Re8 27. Ng1 Bc6 28. Nge2 b4 29. axb4 axb4 30. Na4 Ra7
31. Nc5 Rea8 $40 32. Rxa7 Rxa7 33. Ke1 Ra2 34. Rb1 Be8 35. Nc1 Ra7 36. Ne2 Bg6
37. Rd1 Ra2 38. Rd2 Ne4 39. Nxe4 Bxe4 40. h4 Bf3 41. f5 Ra1+ 42. Rd1 Rxd1+ 43.
Kxd1 b3 0-1

[Event "EU-Cup 07th round of 32"]
[Site "Clichy"]
[Date "1989.07.13"]
[Round "1.2"]
[White "Grimberg, Gilbert"]
[Black "Khalifman, Alexander"]
[Result "0-1"]
[WhiteElo "2300"]
[BlackElo "2545"]
[PlyCount "68"]
[EventDate "1989.07.12"]
[EventType "team-match"]
[EventRounds "2"]
[EventCountry "FRA"]
[SourceTitle "EXT 2020"]
[Source "ChessBase"]
[SourceDate "2019.10.17"]
[SourceVersion "1"]
[SourceVersionDate "2019.10.17"]
[SourceQuality "1"]
[WhiteTeam "Clichy Echecs 92"]
[BlackTeam "Novosibirsk Vektor"]
[WhiteTeamCountry "FRA"]
[BlackTeamCountry "URS"]

1. e4 c5 2. Nc3 Nc6 3. Nge2 d6 4. g3 g6 5. Bg2 Bg7 6. O-O e6 7. a3 ({RR} 7. Kh1
Nge7 8. d3 O-O 9. Rb1 Rb8 10. Bf4 b5 11. Qd2 b4 12. Nd1 e5 13. Be3 Nd4 14. Nxd4
cxd4 15. Bh6 Qc7 16. Bxg7 Kxg7 17. f4 Be6 18. b3 Rfc8 19. Rf2 Nc6 20. f5 Bd7
21. Nb2 h6 {Polomis,Z (2069)-Kalista,K (2019)/Klatovy 2004/CBM 101 ext/1-0 (71)
}) 7... Nge7 8. Rb1 a5 ({RR} 8... O-O 9. b4 b6 10. d3 Rb8 11. Be3 Bb7 12. Qd2
Nd4 13. f4 Qd7 14. Bf2 f5 15. Nd1 Nxe2+ 16. Qxe2 Nc6 17. c3 Kh8 18. Qd2 e5 19.
Nb2 exf4 20. gxf4 g5 21. fxg5 f4 22. Be1 Qg4 23. Qd1 {Lautier,J (2645)-Sadler,
M (2650)/Monte Carlo 1998/CBM 063 ext/1-0 (46)}) 9. Nb5 O-O $146 ({RR} 9... e5
10. c3 O-O 11. d4 cxd4 12. cxd4 Bg4 13. d5 Qb6 14. h3 Bxe2 15. Qxe2 Nd4 16.
Nxd4 exd4 17. b4 Rac8 18. Bd2 a4 19. Qd3 g5 20. Rfc1 Ng6 21. Bxg5 h6 22. Rxc8
Rxc8 23. Rc1 Rxc1+ 24. Bxc1 {Murey,J (2500)-Salov,S (2240)/Moscow 1992/EXT 97/
1-0 (38)}) 10. d4 cxd4 11. Nexd4 d5 $1 12. exd5 Nxd4 13. Nxd4 Nxd5 14. Qd3 b6
15. c4 Ba6 16. b4 axb4 17. axb4 Nxb4 $1 18. Rxb4 Bxd4 19. Qb1 Rc8 20. Qa2 Qe7
21. Ra4 Bb7 22. Ba3 Bc5 23. Bxc5 bxc5 24. Ra7 Rc7 25. Qa5 Rfc8 $17 26. Bxb7
Rxb7 27. Rxb7 Qxb7 28. Rd1 Qb3 29. Rc1 Qb2 30. Re1 Qd4 31. Qa6 Rb8 32. Kg2 Rb2
33. Qa8+ Kg7 34. Rf1 {(temps de reflexion: 1h59)} Qxc4 {(1h31)} 0-1

[Event "Berliner Sommer 07th"]
[Site "Berlin West"]
[Date "1989.??.??"]
[Round "?"]
[White "Kallai, Gabor"]
[Black "Khalifman, Alexander"]
[Result "0-1"]
[WhiteElo "2430"]
[BlackElo "2545"]
[PlyCount "84"]
[EventDate "1989.08.12"]
[EventType "swiss"]
[EventRounds "9"]
[EventCountry "GER"]
[SourceTitle "EXT 2008"]
[Source "ChessBase"]
[SourceDate "2007.11.25"]
[SourceVersion "1"]
[SourceVersionDate "2007.11.25"]
[SourceQuality "1"]

1. d4 Nf6 2. c4 g6 3. Nc3 Bg7 4. e4 d6 5. Be2 O-O 6. Bg5 Na6 7. Qd2 e5 8. Nf3
Qe8 9. O-O exd4 10. Qxd4 Nxe4 11. Qxe4 Bxc3 12. Qh4 Bxb2 13. Rab1 Bg7 14. Be7
Nc5 15. Bxf8 Qxf8 16. Nd4 Bd7 17. Bf3 c6 18. Nb3 Rb8 19. Nxc5 dxc5 20. Qf4 b5
21. Bg4 Bxg4 22. Qxg4 Qd6 23. Qg3 Be5 24. Qa3 Bxh2+ 25. Kh1 Be5 26. cxb5 cxb5
27. Qxa7 Bd4 28. Kg1 b4 29. Qa4 Qd8 30. Rfe1 Ra8 31. Qc6 Kg7 32. Re2 Ra3 33.
Rb3 Ra7 34. Rf3 Rc7 35. Qb5 Qd5 36. Re8 h5 37. Qb8 Be5 38. Rg8+ Kh6 39. Rh8+
Kg5 40. Rd8 Qe4 41. Rd1 Rd7 42. Rg3+ Kh6 0-1

[Event "Berliner Sommer 07th"]
[Site "Berlin West"]
[Date "1989.??.??"]
[Round "?"]
[White "Khalifman, Alexander"]
[Black "Kindermann, Stefan"]
[Result "1/2-1/2"]
[WhiteElo "2545"]
[BlackElo "2515"]
[PlyCount "37"]
[EventDate "1989.08.12"]
[EventType "swiss"]
[EventRounds "9"]
[EventCountry "GER"]
[SourceTitle "EXT 2002"]
[Source "ChessBase"]
[SourceDate "2001.11.25"]
[SourceVersion "1"]
[SourceVersionDate "2001.11.25"]
[SourceQuality "1"]

1. d4 Nf6 2. c4 g6 3. Nc3 d5 4. cxd5 Nxd5 5. e4 Nxc3 6. bxc3 Bg7 7. Nf3 c5 8.
Rb1 O-O 9. Be2 cxd4 10. cxd4 Qa5+ 11. Bd2 Qxa2 12. O-O Nd7 13. Bb4 Nb6 14. Ne5
Be6 15. Bxe7 Rfe8 16. Bc5 Bxe5 17. dxe5 Bc4 18. Bxc4 Qxc4 19. Bxb6 1/2-1/2

[Event "Berliner Sommer 07th"]
[Site "Berlin West"]
[Date "1989.??.??"]
[Round "?"]
[White "Khalifman, Alexander"]
[Black "Petran, Pal"]
[Result "1-0"]
[WhiteElo "2545"]
[BlackElo "2440"]
[PlyCount "73"]
[EventDate "1989.08.12"]
[EventType "swiss"]
[EventRounds "9"]
[EventCountry "GER"]
[SourceTitle "EXT 2002"]
[Source "ChessBase"]
[SourceDate "2001.11.25"]
[SourceVersion "1"]
[SourceVersionDate "2001.11.25"]
[SourceQuality "1"]

1. d4 Nf6 2. c4 e6 3. g3 c5 4. d5 exd5 5. cxd5 d6 6. Bg2 g6 7. Nc3 Bg7 8. Nf3
O-O 9. O-O Nbd7 10. Bf4 Qe7 11. h3 a6 12. a4 Rb8 13. Rb1 Nh5 14. Bg5 Bf6 15.
Bxf6 Qxf6 16. Qd2 Re8 17. b4 b6 18. Rfe1 Rb7 19. bxc5 bxc5 20. a5 Rxb1 21. Rxb1
Ne5 22. Ne4 Qe7 23. Nxe5 Qxe5 24. Rb6 Rd8 25. Qe3 c4 26. Rc6 Bd7 27. Rxd6 Qa1+
28. Kh2 Qxa5 29. Nc5 Bc8 30. Rxd8+ Qxd8 31. Qd4 Qf6 32. Qxc4 Qxf2 33. Ne4 Qf5
34. Nd6 Qe5 35. Qxc8+ Kg7 36. Ne4 f5 37. Qc3 1-0

[Event "Berliner Sommer 07th"]
[Site "Berlin West"]
[Date "1989.??.??"]
[Round "?"]
[White "Khalifman, Alexander"]
[Black "Schaffarth, Peter"]
[Result "1-0"]
[WhiteElo "2545"]
[BlackElo "2240"]
[PlyCount "51"]
[EventDate "1989.08.12"]
[EventType "swiss"]
[EventRounds "9"]
[EventCountry "GER"]
[SourceTitle "EXT 2008"]
[Source "ChessBase"]
[SourceDate "2007.11.25"]
[SourceVersion "1"]
[SourceVersionDate "2007.11.25"]
[SourceQuality "1"]

1. d4 Nf6 2. Nf3 e6 3. c4 c5 4. d5 b5 5. Bg5 exd5 6. cxd5 Qa5+ 7. Bd2 Qb6 8.
Nc3 b4 9. Na4 Qd8 10. Bg5 d6 11. a3 Be7 12. axb4 cxb4 13. e3 O-O 14. h3 Bb7 15.
Bc4 Nbd7 16. O-O Ne4 17. Bf4 a5 18. Nd4 Ne5 19. Bb5 Rc8 20. Nc6 Bxc6 21. dxc6
Qc7 22. Rc1 Rfd8 23. Qd4 Rb8 24. Ba6 f5 25. Bb7 Nf7 26. Qb6 1-0

[Event "Leningrad2"]
[Site "Leningrad"]
[Date "1989.??.??"]
[Round "?"]
[White "Khalifman, Alexander"]
[Black "Khenkin, Igor"]
[Result "1-0"]
[WhiteElo "2545"]
[BlackElo "2445"]
[Annotator "ChessBase"]
[PlyCount "87"]
[EventDate "1989.09.??"]
[EventType "tourn"]
[EventRounds "11"]
[EventCountry "URS"]
[EventCategory "9"]
[SourceTitle "CBM 015"]
[Source "ChessBase"]
[SourceDate "1990.04.01"]
[SourceVersion "1"]
[SourceVersionDate "1990.04.01"]
[SourceQuality "1"]

1. d4 Nf6 2. c4 g6 3. Nf3 Bg7 4. Nc3 d5 5. cxd5 Nxd5 6. e4 Nxc3 7. bxc3 c5 8.
Rb1 O-O 9. Be2 Nc6 10. d5 Ne5 11. Nxe5 Bxe5 12. Qd2 b6 13. f4 Bg7 14. c4 e6 (
14... e5 15. O-O exf4 16. Qxf4 Bd4+ 17. Be3 Bxe3+ 18. Qxe3 Qe7 19. Qf4 (19. e5
$1 Re8 20. e6 fxe6 21. Bf3) 19... f6 20. a4 $1 $16) 15. Bb2 Bxb2 16. Rxb2 Re8
17. e5 Bb7 18. O-O exd5 19. Bf3 f6 20. Re1 fxe5 21. fxe5 $1 (21. Rxe5 Qf6)
21... Qc7 22. Bxd5+ Bxd5 23. Qxd5+ Kg7 24. e6 Rad8 25. Qf3 Re7 26. Rf2 Qd6 27.
Qf6+ Kg8 28. Qg5 $1 (28. h4 Rde8 29. Qf7+ Kh8 30. Qf6+) 28... Kg7 (28... Rde8
29. Qd5 $1) 29. Qf6+ Kg8 30. Qg5 Kg7 31. h4 $1 Rde8 32. Qd5 Rd8 33. Qg5 Rde8
34. Rd2 Qc6 $2 (34... Qc7 $1 35. h5 Rxe6 36. Rxe6 Rxe6 37. h6+ Kf8 38. Rd8+ Kf7
39. Rh8 Qd6 $1) 35. Qe5+ Kg8 36. Rd7 $1 b5 37. cxb5 Qxb5 38. h5 Qb6 39. Rxe7
Rxe7 40. h6 c4+ 41. Kh1 Qd8 42. Rb1 Rc7 43. Qf4 $1 g5 44. Qxg5+ $1 1-0

[Event "Telechess ol3 8990"]
[Site "telex"]
[Date "1990.??.??"]
[Round "2"]
[White "Rogers, Ian"]
[Black "Khalifman, Alexander"]
[Result "1/2-1/2"]
[WhiteElo "2505"]
[BlackElo "2560"]
[PlyCount "52"]
[EventDate "1989.12.16"]
[EventType "team-k.o."]
[EventRounds "3"]
[SourceTitle "EXT 2010"]
[Source "ChessBase"]
[SourceDate "2010.11.25"]
[SourceVersion "1"]
[SourceVersionDate "2010.11.25"]
[SourceQuality "1"]

1. e4 c5 2. Nf3 d6 3. d4 cxd4 4. Nxd4 Nf6 5. Nc3 Nc6 6. Bg5 e6 7. Qd2 a6 8.
O-O-O h6 9. Be3 Be7 10. f4 Bd7 11. Kb1 b5 12. Bd3 O-O 13. h3 Nxd4 14. Bxd4 Bc6
15. e5 dxe5 16. fxe5 Nd5 17. Ne4 Nb4 18. Nf6+ Kh8 19. Be2 Bb7 20. Rhf1 Rc8 21.
a3 Nxc2 22. Rf4 Nxd4 23. Rxd4 Bxf6 24. Rxd8 Rfxd8 25. Qf4 Rxd1+ 26. Bxd1 Rc4
1/2-1/2

[Event "Telechess ol3 8990"]
[Site "telex"]
[Date "1990.09.23"]
[Round "3.1"]
[White "Boensch, Uwe"]
[Black "Khalifman, Alexander"]
[Result "1/2-1/2"]
[WhiteElo "2470"]
[BlackElo "2640"]
[PlyCount "69"]
[EventDate "1989.12.16"]
[EventType "team-k.o."]
[EventRounds "3"]
[SourceTitle "EXT 2000"]
[Source "ChessBase"]
[SourceDate "1999.11.16"]
[SourceVersion "1"]
[SourceVersionDate "1999.11.16"]
[SourceQuality "1"]

1. d4 Nf6 2. c4 e6 3. Nf3 b6 4. g3 Bb7 5. Bg2 Be7 6. Nc3 Ne4 7. Bd2 Bf6 8. Nxe4
Bxe4 9. Bc3 O-O 10. O-O d5 11. cxd5 Qxd5 12. Qb3 Nd7 13. Qxd5 Bxd5 14. Rfe1 $1
Rfd8 15. e4 Bb7 16. Rad1 h6 17. e5 Be7 18. Nh4 Bxg2 19. Nxg2 c5 20. d5 exd5 21.
Rxd5 b5 22. e6 fxe6 23. Rxe6 Bf8 24. Ra6 b4 25. Be1 Nb6 $5 26. Rxd8 Rxd8 27.
Rxa7 Rd1 28. Kf1 c4 29. Rc7 c3 30. bxc3 Nd5 31. Rc8 Nxc3 32. Ne3 Rc1 33. a3 $1
Kf7 34. axb4 Bxb4 35. Rc4 $1 {abgeschätzt Weiß besitzt in der Schlußstellung
materiellen Vorteil am Königsflügel und hat zuletzt mit 35. Rc8-c4! einen
starken Zug ausgeführt. Der in der Endstellung vorhandene weisse Vorteil
bewirkte daher, das die Moskauer in der für sie günstigeren Lage bei
Glek-Espig ebenfalls mit Remiseinschätzung einverstanden waren...} 1/2-1/2

[Event "Lvov zt"]
[Site "Lvov"]
[Date "1990.??.??"]
[Round "?"]
[White "Balashov, Yuri S"]
[Black "Khalifman, Alexander"]
[Result "1/2-1/2"]
[WhiteElo "2535"]
[BlackElo "2560"]
[Annotator "Horn,Pe"]
[PlyCount "47"]
[EventDate "1990.02.??"]
[EventType "swiss"]
[EventRounds "9"]
[EventCountry "URS"]
[SourceTitle "CBM 018"]
[Source "ChessBase"]
[SourceDate "1990.10.01"]
[SourceVersion "1"]
[SourceVersionDate "1990.10.01"]
[SourceQuality "1"]

1. Nf3 Nf6 2. g3 g6 3. b4 Bg7 4. Bb2 c6 5. Bg2 a5 6. a3 axb4 7. axb4 Rxa1 8.
Bxa1 Qb6 9. c3 O-O (9... Qa6 10. Bb2 O-O 11. O-O d5 12. d3 Nfd7 13. Nbd2 Nb6
$10 {Polugaevsky-Kortschnoj, Moskau 1966}) 10. O-O d5 11. d3 Bg4 (11... Nbd7
12. Nbd2 (12. Qa4 e5 13. Nfd2 Re8 14. e4 Bf8 15. Na3 Qc7 16. c4 d4 17. c5 $2 b6
$1 $17 {Spiridonov-Mecking, Vrsac 1971}) 12... Qc7 (12... e5 13. e4 Qc7 14. c4
dxe4 15. dxe4 Re8 16. Bc3 Nf8 17. Qa1 N6d7 18. c5 b6 {Smyslov-Zuidema, Hamburg
1965}) 13. c4 e5 14. Qc2 Re8 15. cxd5 Nxd5 16. Rb1 $14 {Petrosian-Najdorf,
Santa Monica 1966}) 12. Nbd2 Nbd7 13. Qa4 e5 (13... Qc7 14. c4 dxc4 15. dxc4 c5
$10 {Smyslov-Bronstein, Amsterdam izt 1964}) (13... Rd8 14. c4 e5 15. h3 Bxf3
16. Nxf3 e4 17. dxe4 dxe4 18. Nd4 {Ostl-Landenbergue, Schweiz-Baden 1987}) 14.
e4 (14. h3 Bxf3 15. Bxf3 Bh6 16. Nb3 e4 17. Bg2 Qc7 18. Qa7 Nh5 $1 $17 {
Tshetshelian-Baikov, Moskau-ch 1974}) 14... Qc7 15. c4 dxe4 16. dxe4 Rb8 {/\ b5
} 17. Qc2 h6 {bereitet Be6 vor} 18. h3 Be6 19. Bc3 Ra8 20. Ra1 Rxa1+ 21. Bxa1
Ne8 22. Bf1 (22. c5 b6) 22... b6 23. Bc3 Qa7 24. Qb2 $10 1/2-1/2

[Event "Lvov zt"]
[Site "Lvov"]
[Date "1990.??.??"]
[Round "?"]
[White "Khalifman, Alexander"]
[Black "Shirov, Alexei"]
[Result "1/2-1/2"]
[WhiteElo "2560"]
[BlackElo "2500"]
[Annotator "Knaak,R"]
[PlyCount "40"]
[EventDate "1990.02.??"]
[EventType "swiss"]
[EventRounds "9"]
[EventCountry "URS"]
[SourceTitle "CBM 018"]
[Source "ChessBase"]
[SourceDate "1990.10.01"]
[SourceVersion "1"]
[SourceVersionDate "1990.10.01"]
[SourceQuality "1"]

1. d4 Nf6 2. c4 g6 3. Nc3 Bg7 4. e4 d6 5. Nf3 O-O 6. Be2 e5 7. O-O Nc6 8. d5
Ne7 9. Ne1 Nd7 10. Nd3 f5 11. Bd2 Kh8 12. Rc1 (12. b4 $1 Ng8 $1 {Georgiev,
Ki-Ghinda,M/Stara Zagora zt-A/1990/CBM17}) 12... c5 $1 {Von Nunn empfohlen,
aber bisher noch nicht gespielt.} 13. b4 $6 (13. f4 $5) 13... cxb4 14. Nxb4 Nc5
15. Bf3 Bd7 16. Be3 b6 17. Nd3 Ng8 18. Nxc5 bxc5 19. Rb1 Bh6 20. Bxh6 Nxh6 $15
1/2-1/2

[Event "Lvov zt"]
[Site "Lvov"]
[Date "1990.??.??"]
[Round "?"]
[White "Lputian, Smbat G"]
[Black "Khalifman, Alexander"]
[Result "0-1"]
[WhiteElo "2545"]
[BlackElo "2560"]
[Annotator "Ftacnik,L"]
[PlyCount "112"]
[EventDate "1990.02.??"]
[EventType "swiss"]
[EventRounds "9"]
[EventCountry "URS"]
[SourceTitle "CBM 018"]
[Source "ChessBase"]
[SourceDate "1990.10.01"]
[SourceVersion "1"]
[SourceVersionDate "1990.10.01"]
[SourceQuality "1"]

1. d4 d5 2. c4 c6 3. Nf3 Nf6 4. Nc3 dxc4 5. a4 Bf5 6. e3 e6 7. Bxc4 Bb4 8. O-O
O-O 9. Nh4 Bg6 10. f4 (10. f3) 10... c5 $5 {N} 11. Nxg6 hxg6 12. Na2 (12. d5
Bxc3) 12... Nc6 13. Nxb4 Nxb4 14. dxc5 (14. Bd2 $5 Nc6 15. dxc5 Ne4 16. Be1
Nxc5) 14... Qa5 $1 15. b3 (15. Qd6 Rad8 16. Qe5 Nd7) 15... Qxc5 16. Qf3 Rfd8
17. Kh1 (17. Qxb7 Nc2 18. Rb1 Nxe3 19. Bxe3 Qxe3+ 20. Kh1 $15) 17... Qc6 $1 18.
a5 (18. Qxc6 bxc6 $15) 18... Rac8 19. Ra4 Nd3 20. Ba3 Nc5 $1 21. Bxc5 (21. Rb4
Nfe4 $17) 21... Qxf3 22. gxf3 Rxc5 23. Ra2 Kf8 24. Rg1 Ke7 25. Rg5 Rxg5 26.
fxg5 Nd5 27. Re2 Nb4 $17 28. Kg2 Rd1 29. a6 bxa6 30. Kf2 Rh1 31. Kg3 a5 32. Rd2
a6 33. h4 Rg1+ 34. Kf2 Rh1 35. Kg3 Rg1+ 36. Kf2 Rc1 37. Be2 Rc3 38. Bd1 (38.
Bc4 a4 $19) 38... Nd5 39. e4 Nb4 40. Rd4 (40. Ke2) 40... e5 41. Rd2 Rd3 $1 42.
Ke2 Rxd2+ 43. Kxd2 Kd6 44. Be2 Kc5 45. Bc4 (45. Kc3 Nc6 46. Bc4 Nd4 47. Bxf7
Nxf3 48. Bxg6 Nxh4 49. Bh5 Ng2 50. Be2 Nf4 51. Bxa6 Ne6 52. g6 Nf4 $19) 45...
a4 $1 46. Bxf7 a3 47. Kc1 Nd3+ 48. Kb1 Ne1 49. Ka2 Kb4 50. f4 (50. Bxg6 Nxf3
51. h5 Nxg5 $19) 50... exf4 51. Bxg6 (51. e5 f3 (51... Nd3 52. e6 f3 53. e7 f2
54. e8=Q f1=Q 55. Qa4+ Kc3 56. Qc4+ Kd2 57. b4 $13) 52. Bc4 Kc5 53. Kxa3 Nc2+
54. Kb2 Ne3 55. Bxa6 f2 $19) 51... Nf3 52. e5 (52. h5 Nxg5 53. e5 f3 $19) 52...
Nxe5 53. Be4 f3 54. h5 f2 55. Bg2 Nf7 56. g6 (56. h6 Nxh6 $1 57. gxh6 gxh6 $19)
56... Nh6 {Ftacnik,L} 0-1

[Event "Lvov zt"]
[Site "Lvov"]
[Date "1990.??.??"]
[Round "?"]
[White "Novikov, Igor A"]
[Black "Khalifman, Alexander"]
[Result "0-1"]
[WhiteElo "2550"]
[BlackElo "2560"]
[Annotator "Ftacnik,L"]
[PlyCount "94"]
[EventDate "1990.02.??"]
[EventType "swiss"]
[EventRounds "9"]
[EventCountry "URS"]
[SourceTitle "CBM 018"]
[Source "ChessBase"]
[SourceDate "1990.10.01"]
[SourceVersion "1"]
[SourceVersionDate "1990.10.01"]
[SourceQuality "1"]

1. d4 d5 2. c4 c6 3. Nf3 Nf6 4. Nc3 dxc4 5. a4 Bf5 6. Ne5 e6 7. f3 Bb4 8. e4
Bxe4 9. fxe4 Nxe4 10. Bd2 Qxd4 11. Nxe4 Qxe4+ 12. Qe2 Bxd2+ 13. Kxd2 Qd5+ 14.
Kc2 Na6 15. Nxc4 O-O 16. Qe5 Rfd8 17. Be2 f6 18. Qxd5 cxd5 19. Na5 Rdc8+ $5 {N}
(19... Rac8+ 20. Kb3 Nc5+ 21. Ka3 b6 22. Nb3 Kf7 {Nikolic,Pr-Beliavsky,A/
Reykjavik WCT/1988/  ->CBM 10} 23. Rhc1 $1 {/\ a5} Nxb3 24. Kxb3 a5 25. Rc3 Rc5
26. Kc2 Ke7 27. Raa3 $1 $16 {/\ Rab3; (Beliavsky)}) 20. Kb3 Nc5+ 21. Ka3 b6 22.
Nb3 Kf7 23. Rac1 $6 (23. Rhc1 $5 Nxb3 24. Kxb3 a5 25. Rc3 Rc5 26. Kc2 Ke7 27.
Raa3) 23... Nxb3 24. Kxb3 a5 25. Ka3 (25. Rc3 Rc5 26. Rhc1 Rac8) 25... Ke7 26.
b4 Kd6 27. bxa5 (27. Rhd1 $22 e5 28. Bf3) 27... bxa5 28. Rxc8 Rxc8 29. Rb1 Rc3+
$1 30. Rb3 $6 (30. Kb2 $5 Re3 31. Bb5 e5 32. Rc1 $132) 30... Rxb3+ 31. Kxb3 f5
32. h4 Ke5 33. Kc3 Ke4 34. Kd2 Kf4 35. Bf3 (35. Bb5 e5 (35... Kg3 36. Bd7 $132)
36. Bc6 d4 37. Kd3 Kg3 $17) 35... Kg3 36. h5 g5 $1 37. hxg6 hxg6 38. Ke2 (38.
Ke3 g5 39. Kd4 g4 40. Bd1 Kxg2 41. Ke5 Kf2 {/\ g3 -+}) 38... g5 39. Kf1 g4 40.
Be2 f4 41. Bb5 f3 $1 (41... e5 42. Bc6 d4 43. Ke2) 42. Bc6 d4 43. gxf3 gxf3 44.
Ke1 e5 45. Bb5 (45. Be4 Kf4 46. Bc6 Ke3 $19) (45. Kd2 f2 46. Bb5 e4 47. Bf1 Kh2
$19) 45... e4 46. Bc6 e3 47. Be4 Kg2 {Ftacnik,L} 0-1

[Event "Interzonal-15"]
[Site "Manila"]
[Date "1990.??.??"]
[Round "1"]
[White "Khalifman, Alexander"]
[Black "Torre, Eugenio"]
[Result "1/2-1/2"]
[WhiteElo "2615"]
[BlackElo "2530"]
[Annotator "Khalifman,A"]
[PlyCount "50"]
[EventDate "1990.06.29"]
[EventType "swiss"]
[EventRounds "13"]
[EventCountry "PHI"]
[SourceTitle "CBM 019"]
[Source "ChessBase"]
[SourceDate "1990.12.01"]
[SourceVersion "1"]
[SourceVersionDate "1990.12.01"]
[SourceQuality "1"]

1. d4 Nf6 2. c4 g6 3. Nc3 Bg7 4. e4 d6 5. Nf3 O-O 6. Be2 e5 7. O-O Nc6 8. d5
Ne7 9. Nd2 a5 10. a3 Nd7 11. Rb1 f5 12. b4 Kh8 13. Qc2 Ng8 14. Nb5 Ndf6 (14...
fxe4 $142 $1 15. Nxe4 Ndf6 $10) 15. f3 Bd7 (15... Nh5 16. c5 $1 Nf4 17. Nc4 $14
) (15... axb4 16. axb4 Bd7 17. c5 $13) 16. bxa5 $5 Rxa5 17. c5 $1 (17. Nb3 Ra8
18. c5 $2 fxe4 19. fxe4 Nxe4 $1 $17) 17... fxe4 (17... dxc5 18. a4 {/\ 19. Nb3,
19.Nc4+/-}) 18. fxe4 (18. cxd6 $2 c6 $1 $17) 18... Ng4 19. Nf3 (19. cxd6 $2 Ne3
20. Rxf8 Qg5 $1 $17) (19. Rxf8 Bxf8 (19... Qxf8 20. Bxg4 Bxb5 21. Qc3 $14) 20.
Nf3 $1 Bxb5 21. Rxb5 Rxb5 22. Bxb5 $14) 19... Bxb5 20. Rxb5 (20. Bxb5 c6 $1 21.
dxc6 bxc6 22. Bxc6 (22. Bc4 Rxc5 23. h3 d5 $1 $17) 22... Rxc5 23. Qa4 Bh6 $10)
20... Rxb5 21. Bxb5 Bh6 22. Qc3 (22. Bxh6 N8xh6 23. Qc1 Nf7 $10) 22... Bxc1 23.
Qxc1 $6 (23. Rxc1 N8f6 24. Bd3 {/\ cd6, Qc7+/-}) 23... h6 $1 $10 24. a4 Kg7 25.
Bd3 Qb8 (25... Qb8 26. h3 N4f6 {/\ Nd7=}) 1/2-1/2